[Event "New Hampshire op 52nd"]
[Site "Manchester"]
[Date "2002.07.13"]
[Round "2"]
[White "Gates, Nathan"]
[Black "Jellison, David"]
[Result "0-1"]
[WhiteElo "1202"]
[BlackElo "2268"]
[PlyCount "78"]
[EventDate "2002.07.??"]
[EventType "swiss"]
[EventRounds "5"]
[EventCountry "USA"]
[SourceTitle "EXT 2005"]
[Source "ChessBase"]
[SourceDate "2004.11.15"]
[SourceVersion "1"]
[SourceVersionDate "2004.11.15"]
[SourceQuality "1"]

1. e4 c5 2. Nc3 e6 3. Nf3 Nc6 4. d4 cxd4 5. Nxd4 a6 6. Be3 Qc7 7. g3 Nf6 8. Bg2 Bb4 9. 0-0 Ne5 10. Bf4 d6 11. Bxe5 dxe5 12. Nde2 0-0 13. a3 Be7 14. Nc1 b5 15. Nd3 Bb7 16. Qe2 Rac8 17. Rfc1 Rfd8 18. Kh1 Rd4 19. f3 Nd7 20. Na2 a5 21. c3 Rc4 22. Rd1 Ba6 23. Qd2 Rd8 24. Bf1 Rc6 25. Rac1 Nb6 26. Qf2 Nc4 27. h4 Rcd6 28. h5 R6d7 29. Qe1 Bg5 30. g4 Ne3 31. Qf2 Nxd1 32. Rxd1 b4 33. cxb4 Bxd3 34. Bxd3 Rxd3 35. Rxd3 Rxd3 36. Qe2 Rd2 37. Qb5 Rd1+ 38. Kg2 Qc2+ 39. Kg3 Rg1+ 0-1